Science Quiz

Random Science or Anatomy Quiz

The Abdominal Aorta Quiz Stats

 Plays Quiz not verified by Sporcle

Challenge
Share
Tweet
Embed
Score 0/26 Timer 08:00
0 Plays Today
Description Branch % Correct
1. One of three major divisions off aortaCeliac Trunk
91.6%
2. Branch of 1Left Gastric Artery
86.7%
4. Branch of 1Splenic artery
84.5%
12. One of three major divisions off aortaSuperior Mesenteric Artery
84.5%
19. One of three major divisions off aortaInferior Mesenteric Artery
80.8%
7. Branch of 1Common Hepatic Artery
76.2%
11. Branch of 7Right Gastric Artery
73.1%
24 .Off AortaRenal Artery
73.1%
25. Off AortaGonadal Artery
63.5%
9. Branch of 7Gastroduodenal Artery
62.8%
15. Branch of 12Right Colic Artery
56.3%
20. Branch of 18Left Colic Artery
53.6%
8. Branch of 7Proper Hepatic Artery
52.3%
Description Branch % Correct
14. Branch of 12Middle Colic Artery
51.7%
6. Branch of 4Left Gastroepiploic Artery
49.8%
10. Branch of 9Right Gastroepiploic Artery
48.9%
26. Off AortaLumbar Artery
45.8%
21. Branch of 18Sigmoid branches
45.5%
22. Branch of 18Superior Rectal Artery
45.5%
5. Branch of 4Short Gastric Artery
45.2%
23. Off AortaSuprarenal Artery
45.2%
16. Branch of 12Jejunal Branches
43%
18. Branch of 12Ileocolic Artery
42.1%
17. Branch of 12Ileal Branches
40.9%
13. Branch of 12Inferior Pancreatico-Duodenal Artery
31%
3. Branch of 2Esophageal branch of left gastric
26.3%

You're not logged in!

Compare scores with friends on all Sporcle quizzes.
OR
Log In

You Might Also Like...

Show Comments

Extras

Created Nov 16, 2011ReportNominate
Tags:Anatomy Quiz, artery, medicine

Top Quizzes Today


Score Distribution

Your Account Isn't Verified!

In order to create a playlist on Sporcle, you need to verify the email address you used during registration. Go to your Sporcle Settings to finish the process.

Report this User

Report this user for behavior that violates our Community Guidelines.

Details: